|
|
|
|
| LEADER |
00741nam a22002171a 4500 |
| 020 |
|
|
|a 9781412945790
|c 0.00
|
| 040 |
|
|
|a SSUS - Library - Kalady
|
| 082 |
|
|
|a 616.891 407 2
|b LAD/R
|
| 100 |
|
|
|a Ladislav Timulak
|
| 245 |
|
|
|a Research in psychotherapy and counselling
|h [Text]
|
| 260 |
|
|
|a Los Angeles
|b Sage
|c 2008
|
| 300 |
|
|
|a 217p.
|
| 600 |
|
|
|a Counselling Research
|
| 600 |
|
|
|a Medicine
|
| 600 |
|
|
|a Psychotherapy
|
| 600 |
|
|
|a Psychotherapy Research
|
| 600 |
|
|
|a Technology
|
| 852 |
|
|
|h 616.891 407 2
|i LAD/R
|p 065649
|9 2121.97
|t 0
|
| 942 |
|
|
|c BK
|
| 999 |
|
|
|c 38127
|d 38127
|
| 952 |
|
|
|0 0
|1 0
|4 0
|6 616_891000000000000_407_2_LAD_R
|7 0
|9 55134
|a SSUS
|b SSUS
|d 2015-01-08
|g 2121.97
|l 1
|o 616.891 407 2 LAD/R
|p 065649
|r 2018-03-14
|s 2018-03-14
|v 0.00
|w 2015-01-08
|y BK
|